|
|
|
|
| LEADER |
00000nab a2200000 a 4500 |
| 001 |
vtls000472891 |
| 003 |
SK-MaSNL |
| 005 |
20260304013359.0 |
| 008 |
140522c1992 xo 0 slo |
| 015 |
|
|
|a SNBRB19rr/mm-uuuuu
|
| 035 |
|
|
|a CL0473025
|
| 040 |
|
|
|a SNKBUCL
|b slo
|c SNKBUCL
|e AACR2
|
| 041 |
0 |
|
|a slo
|
| 044 |
|
|
|a xo
|c SK
|
| 080 |
|
|
|a 634.8(794)
|2 1981
|
| 080 |
|
|
|a 663.2(794)
|2 1981
|
| 100 |
1 |
|
|a Minárik, Erich,
|d 1924-2007
|4 aut
|9 133034
|
| 245 |
1 |
0 |
|a Na návšteve vo vinárskych podnikoch Kalifornie
|c E. Minárik
|
| 300 |
|
|
|b Fotogr. 2
|
| 650 |
0 |
7 |
|a vinohradníctvo
|2 snkbucl
|9 1657
|
| 650 |
0 |
7 |
|a vinárstvo
|2 snkbucl
|9 1656
|
| 651 |
|
7 |
|a Kalifornia
|2 snkbucl
|9 56238
|
| 655 |
|
7 |
|a články z novín a časopisov
|2 snkbucl
|9 267496
|
| 773 |
0 |
|
|t Agrochémia
|g Roč. 32, č. 11 (1992), s. 2 obál. a 173-174
|x 0002-1830
|
| 850 |
|
|
|a Slovenská národná knižnica v Martine
|a MTA001
|
| 852 |
|
|
|a SNK
|b KIS3GCP
|
| 958 |
|
|
|a RK
|
| 958 |
|
|
|a US
|
| 992 |
|
|
|a RBX
|
| 999 |
|
|
|c 2575600
|d 2577530
|